000 01311nam a2200373Ia 4500
001 dia_2866
003 CHAP
005 20230331095817.0
008 220117s1981 xx 000 0 und d
010 _a173364
020 _a968-24-1103-3
040 _cCHAP
082 _a664.807152 P35 1981
100 _aPaltrinieri, Gaetano
_985035
245 _aTaller de frutas y hortalizas /
_c Gaetano Paltrinieri y Johan D. Berlijn ; colaboración Marco R. Meyer...[et al.]
260 _aMéxico :
_b Trillas :,
_b SEP,
_c1981
300 _a84 p.
400 _aMANUALES PARA EDUCACION AGROPECUARIA, 24
440 _aManuales para educación agropecuaria. Área Industrias rurales ; 24
_9153639
503 _aC/e
590 _aSB354 P35 1981
650 _aEnvasado de alimentos
_9147758
650 _aFood packing
_9148074
650 _aFruits
_xIndustry and marketing
_9150438
650 _aFrutas
_xIndustria y comercio
_9150439
650 _aVegetables
_xIndustry and marketing
_9150440
650 _aVegetales
_xIndustria y comercio
_9150441
700 _aBerlijn, Johan D., coaut.
_9150442
700 _aMeyer, Marco R., colab.
_9140320
901 _a664.807152 P35 1981
902 _aM
905 _a5232271981 mx a 8222223322spa16
942 _cLIBRO
_2ddc
999 _c173364
_d173364